| 000 | 00785ngm a2200289 a 4500 | ||
|---|---|---|---|
| 003 | BLK | ||
| 005 | 20240530105528.0 | ||
| 007 | m| caa|akaadaaaac | ||
| 008 | 180410b bul||n||s|||||||| mlbulo| | ||
| 010 | _aCDD00003147000 | ||
| 040 | _aBLK | ||
| 041 |
_aBUL _cBUL |
||
| 080 |
_aКомедии _b791.221.2 _z791.221.2 |
||
| 139 |
_aАлфи [видео DVD] _bА 46 |
||
| 245 | 1 | 0 | _aАлфи [видео DVD] |
| 257 | _aBGR | ||
| 260 |
_bАлександра видео _c2004 |
||
| 300 |
_a109 мин. _bцв. _c12 см |
||
| 380 | _a7 | ||
| 590 | _aS.N: 84760 от КНИГИ | ||
| 852 |
_aЦб CD 4888 _p0 |
||
| 856 | 4 |
_qpdf _u |
|
| 856 | 4 |
_qpdf _u |
|
| 942 |
_cCDD _n0 _s1 |
||
| 944 |
_aCR _c12.08.2008 _k30570 _lМоника Янева |
||
| 944 |
_aED _c12.08.2008 |
||
| 999 |
_c220678 _d220678 |
||